000 00313nam a22001337a 4500
008 170908b xxu||||| |||| 00| 0 eng d
020 _a9780132300971
041 _aeng
080 _26 ED
_a91
100 _a91
101 _aGEO
245 _aBUILDING GEOGRAPHIC LITERACY
_cSTANSFIELD.CH.A
942 _2udc
_cBK
999 _c26792
_d26792